|
|
|
|
| LEADER |
01064nam a2200301 a 4500 |
| 001 |
000201085 |
| 003 |
CZ BrMZK |
| 005 |
20210420200329.0 |
| 007 |
ta |
| 008 |
960815s1997 xr g j cze d |
| 015 |
|
|
|a cnb000274831
|
| 020 |
|
|
|a 80-7173-450-0
|
| 035 |
|
|
|a (OCoLC)84937046
|
| 040 |
|
|
|a BOA001
|b cze
|
| 072 |
|
7 |
|a 821-31/-34
|x Milostná, dobrodružná, fantastická próza
|2 Konspekt
|9 25
|
| 080 |
|
|
|a 821-322.5
|2 MRF
|
| 080 |
|
|
|a (0:82-322.5)
|2 MRF
|
| 100 |
1 |
|
|a Courths-Mahler, Hedwig,
|d 1867-1950
|7 jn19990001513
|4 aut
|
| 245 |
1 |
0 |
|a Trápení.
|n Díl 1 /
|c H. Courths-Mahlerová ; [překlad: Zuzana Schönová].
|
| 260 |
|
|
|a Brno :
|b MOBA,
|c 1997
|
| 300 |
|
|
|a 56 s. ;
|c 23 cm
|
| 490 |
1 |
|
|a Hedwiga Courths-Mahlerová Extra ;
|v sv. 22 (7/97)
|
| 655 |
|
7 |
|a milostné povídky
|7 fd132834
|2 czenas
|
| 700 |
1 |
|
|a Schönová, Zuzana
|7 mzk2003169563
|4 trl
|
| 830 |
|
0 |
|a Hedwiga Courths-Mahlerová Extra
|
| 910 |
|
|
|a BOA001
|b 2-1034.908,1
|
| 990 |
|
|
|a BK
|
| 996 |
6 |
|
|b 2610055178
|c 2-1034.908,1
|l MZK
|r Sklad / do 1 hodiny
|n 0
|p p.v.
|w 000201085
|u 000010
|a 1
|e BOA001
|j MZK50
|s P
|